[Event "ODJM A 2024"]
[Site "Willingen GER"]
[Date "2024.05.22"]
[Round "5"]
[White "Longo, Massimo"]
[Black "Frohnhäuser, Simon"]
[Result "1/2-1/2"]
[Termination "normal"]
[Board "16"]
[WhiteElo "1945"]
[BlackElo "1985"]
[WhiteClock "00:10:45"]
[BlackClock "00:09:24"]
[PlyCount "71"]
[WhiteFideId "16205227"]
[BlackFideId "16208528"]
[EventCountry "GER"]
[EventRounds "9"]
[EventType "swiss"]
[EventDate "2024.05.18"]

1. d4 {[%clk 01:30:57]} {[%emt 00:00:02]} Nf6 {[%clk 01:30:55]} {[%emt
00:00:06]} 2. c4 {[%clk 01:31:20]} {[%emt 00:00:07]} e6 {[%clk 01:31:21]}
{[%emt 00:00:04]} 3. Nf3 {[%clk 01:31:40]} {[%emt 00:00:10]} d5 {[%clk
01:31:45]} {[%emt 00:00:06]} 4. Nc3 {[%clk 01:31:57]} {[%emt 00:00:13]} dxc4
{[%clk 01:30:38]} {[%emt 00:01:38]} 5. e3 {[%clk 01:30:15]} {[%emt 00:02:11]}
a6 {[%clk 01:30:48]} {[%emt 00:00:20]} 6. a4 {[%clk 01:29:58]} {[%emt
00:00:48]} c5 {[%clk 01:28:46]} {[%emt 00:02:32]} 7. Bxc4 {[%clk 01:29:23]}
{[%emt 00:01:04]} Nc6 {[%clk 01:28:27]} {[%emt 00:00:50]} 8. O-O {[%clk
01:26:17]} {[%emt 00:03:34]} cxd4 {[%clk 01:27:29]} {[%emt 00:01:28]} 9. Nxd4
{[%clk 01:26:11]} {[%emt 00:00:37]} Nxd4 {[%clk 01:24:38]} {[%emt 00:03:21]}
10. exd4 {[%clk 01:25:16]} {[%emt 00:01:25]} Bb4 {[%clk 01:20:59]} {[%emt
00:04:10]} 11. Bg5 {[%clk 01:23:02]} {[%emt 00:02:43]} h6 {[%clk 00:51:52]}
{[%emt 00:29:38]} 12. Bh4 {[%clk 01:19:51]} {[%emt 00:03:40]} O-O {[%clk
00:50:46]} {[%emt 00:01:36]} 13. Qb3 {[%clk 01:16:48]} {[%emt 00:03:32]} Be7
{[%clk 00:45:36]} {[%emt 00:05:41]} 14. Rfd1 {[%clk 01:10:59]} {[%emt
00:06:18]} Qa5 {[%clk 00:40:30]} {[%emt 00:05:36]} 15. Bg3 {[%clk 01:06:14]}
{[%emt 00:05:15]} Qb4 {[%clk 00:36:31]} {[%emt 00:04:30]} 16. d5 {[%clk
01:00:33]} {[%emt 00:06:11]} Qxb3 {[%clk 00:30:57]} {[%emt 00:06:04]} 17. Bxb3
{[%clk 01:00:32]} {[%emt 00:00:31]} exd5 {[%clk 00:31:13]} {[%emt 00:00:15]}
18. Nxd5 {[%clk 01:00:42]} {[%emt 00:00:19]} Nxd5 {[%clk 00:31:37]} {[%emt
00:00:06]} 19. Bxd5 {[%clk 01:01:05]} {[%emt 00:00:06]} Bf6 {[%clk 00:32:04]}
{[%emt 00:00:03]} 20. Rd2 {[%clk 00:57:18]} {[%emt 00:04:17]} a5 {[%clk
00:29:45]} {[%emt 00:02:49]} 21. Rad1 {[%clk 00:46:38]} {[%emt 00:11:10]} Ra6
{[%clk 00:30:03]} {[%emt 00:00:12]} 22. Bc4 {[%clk 00:42:22]} {[%emt 00:04:46]}
Rc6 {[%clk 00:25:06]} {[%emt 00:05:27]} 23. Bb5 {[%clk 00:42:29]} {[%emt
00:00:23]} Re6 {[%clk 00:25:32]} {[%emt 00:00:04]} 24. Bc7 {[%clk 00:41:51]}
{[%emt 00:01:08]} b6 {[%clk 00:23:58]} {[%emt 00:02:05]} 25. f4 {[%clk
00:40:54]} {[%emt 00:01:26]} Be7 {[%clk 00:19:59]} {[%emt 00:04:30]} 26. Bd6
{[%clk 00:36:44]} {[%emt 00:04:40]} Re4 {[%clk 00:10:15]} {[%emt 00:10:13]} 27.
Bxe7 {[%clk 00:35:01]} {[%emt 00:02:13]} Rxe7 {[%clk 00:10:41]} {[%emt
00:00:04]} 28. Rd8 {[%clk 00:34:56]} {[%emt 00:00:36]} Re1+ {[%clk 00:10:03]}
{[%emt 00:01:07]} 29. Kf2 {[%clk 00:33:57]} {[%emt 00:01:29]} Rxd1 {[%clk
00:10:27]} {[%emt 00:00:07]} 30. Rxd1 {[%clk 00:34:22]} {[%emt 00:00:04]} Be6
{[%clk 00:10:29]} {[%emt 00:00:28]} 31. Rd6 {[%clk 00:34:19]} {[%emt 00:00:34]}
Rb8 {[%clk 00:10:54]} {[%emt 00:00:05]} 32. Ke3 {[%clk 00:25:20]} {[%emt
00:09:29]} Kf8 {[%clk 00:11:20]} {[%emt 00:00:04]} 33. g3 {[%clk 00:21:43]}
{[%emt 00:04:07]} Ke7 {[%clk 00:11:46]} {[%emt 00:00:05]} 34. Rc6 {[%clk
00:20:57]} {[%emt 00:01:14]} Rb7 {[%clk 00:08:57]} {[%emt 00:03:20]} 35. Ba6
{[%clk 00:11:53]} {[%emt 00:09:34]} Rb8 {[%clk 00:09:24]} {[%emt 00:00:03]} 36.
Bb5 {[%clk 00:10:45]} {[%emt 00:01:38]} 1/2-1/2

[Event "ODJM A 2024"]
[Site "Willingen GER"]
[Date "2024.05.22"]
[Round "5"]
[White "Fruth, David"]
[Black "Holzwarth, Felix"]
[Result "1/2-1/2"]
[Termination "normal"]
[Board "17"]
[WhiteElo "1931"]
[BlackElo "1976"]
[WhiteClock "00:14:21"]
[BlackClock "00:48:49"]
[PlyCount "64"]
[WhiteFideId "16257596"]
[BlackFideId "34621377"]
[EventCountry "GER"]
[EventRounds "9"]
[EventType "swiss"]
[EventDate "2024.05.18"]

1. e4 {[%clk 01:30:59]} {[%emt 00:00:01]} c5 {[%clk 01:30:50]} {[%emt
00:00:11]} 2. Nf3 {[%clk 01:31:07]} {[%emt 00:00:21]} d6 {[%clk 01:31:13]}
{[%emt 00:00:06]} 3. d4 {[%clk 01:31:32]} {[%emt 00:00:07]} cxd4 {[%clk
01:31:39]} {[%emt 00:00:03]} 4. Nxd4 {[%clk 01:31:50]} {[%emt 00:00:12]} Nf6
{[%clk 01:32:05]} {[%emt 00:00:03]} 5. Nc3 {[%clk 01:32:14]} {[%emt 00:00:06]}
Nc6 {[%clk 01:32:33]} {[%emt 00:00:03]} 6. Be2 {[%clk 01:28:48]} {[%emt
00:03:56]} e5 {[%clk 01:32:47]} {[%emt 00:00:17]} 7. Nb3 {[%clk 01:29:04]}
{[%emt 00:00:14]} Be6 {[%clk 01:32:56]} {[%emt 00:00:21]} 8. Be3 {[%clk
01:26:11]} {[%emt 00:03:23]} Be7 {[%clk 01:28:09]} {[%emt 00:05:17]} 9. f3
{[%clk 01:24:47]} {[%emt 00:01:53]} d5 {[%clk 01:26:17]} {[%emt 00:02:22]} 10.
exd5 {[%clk 01:19:47]} {[%emt 00:05:30]} Nxd5 {[%clk 01:26:35]} {[%emt
00:00:11]} 11. Nxd5 {[%clk 01:19:32]} {[%emt 00:00:46]} Qxd5 {[%emt 00:05:39]}
12. Qxd5 {[%clk 01:14:48]} {[%emt 00:00:05]} Bxd5 {[%clk 01:27:00]} {[%emt
00:00:05]} 13. O-O-O {[%clk 01:15:07]} {[%emt 00:00:10]} O-O-O {[%clk
01:26:55]} {[%emt 00:00:36]} 14. Bb5 {[%clk 01:12:12]} {[%emt 00:03:25]} a6
{[%clk 01:19:52]} {[%emt 00:07:33]} 15. Bd3 {[%clk 01:06:02]} {[%emt 00:06:39]}
Kc7 {[%clk 01:15:22]} {[%emt 00:05:01]} 16. c4 {[%clk 00:56:59]} {[%emt
00:09:33]} Be6 {[%clk 01:15:17]} {[%emt 00:00:35]} 17. Nc5 {[%clk 00:56:16]}
{[%emt 00:01:13]} Nd4 {[%clk 01:10:49]} {[%emt 00:04:58]} 18. Nxe6+ {[%clk
00:52:20]} {[%emt 00:04:26]} Nxe6 {[%clk 01:10:59]} {[%emt 00:00:19]} 19. Rhe1
{[%clk 00:52:26]} {[%emt 00:00:25]} Bc5 {[%clk 01:05:17]} {[%emt 00:06:11]} 20.
Bf5 {[%clk 00:42:35]} {[%emt 00:10:21]} Nd4 {[%clk 01:00:11]} {[%emt 00:05:37]}
21. Be4 {[%clk 00:38:22]} {[%emt 00:04:43]} f6 {[%clk 00:58:30]} {[%emt
00:02:11]} 22. f4 {[%clk 00:34:00]} {[%emt 00:04:51]} Bb4 {[%emt 00:07:57]} 23.
Rf1 {[%clk 00:29:04]} {[%emt 00:00:01]} Ne2+ {[%clk 00:54:41]} {[%emt
00:02:17]} 24. Kc2 {[%clk 00:28:24]} {[%emt 00:01:10]} exf4 {[%clk 00:54:48]}
{[%emt 00:00:23]} 25. Bxf4+ {[%clk 00:25:27]} {[%emt 00:03:28]} Nxf4 {[%clk
00:55:02]} {[%emt 00:00:16]} 26. Rxd8 {[%clk 00:20:30]} {[%emt 00:05:27]} Rxd8
{[%clk 00:55:17]} {[%emt 00:00:14]} 27. Rxf4 {[%clk 00:20:54]} {[%emt
00:00:06]} Rd2+ {[%clk 00:54:40]} {[%emt 00:01:07]} 28. Kc1 {[%clk 00:17:00]}
{[%emt 00:04:25]} Rd4 {[%clk 00:52:35]} {[%emt 00:02:33]} 29. Rg4 {[%clk
00:17:12]} {[%emt 00:00:19]} Rxc4+ {[%clk 00:51:24]} {[%emt 00:01:42]} 30. Kb1
{[%clk 00:17:38]} {[%emt 00:00:03]} g6 {[%clk 00:49:23]} {[%emt 00:02:32]} 31.
b3 {[%clk 00:14:11]} {[%emt 00:03:57]} Rd4 {[%clk 00:48:58]} {[%emt 00:00:55]}
32. Bf3 {[%clk 00:14:21]} {[%emt 00:00:20]} Rxg4 {[%clk 00:48:49]} {[%emt
00:00:38]} 1/2-1/2

[Event "ODJM A 2024"]
[Site "Willingen GER"]
[Date "2024.05.22"]
[Round "5"]
[White "Ruddat, Jarne"]
[Black "Kieselbach, Jannik"]
[Result "0-1"]
[Termination "normal"]
[Board "18"]
[WhiteElo "1854"]
[BlackElo "2003"]
[WhiteClock "00:29:42"]
[BlackClock "00:01:50"]
[PlyCount "72"]
[WhiteFideId "16254236"]
[BlackFideId "16246403"]
[EventCountry "GER"]
[EventRounds "9"]
[EventType "swiss"]
[EventDate "2024.05.18"]

1. e4 {[%clk 01:30:58]} e5 {[%clk 01:30:48]} {[%emt 00:00:12]} 2. Nf3 {[%clk
01:31:23]} {[%emt 00:00:06]} Nc6 {[%clk 01:30:55]} {[%emt 00:00:23]} 3. d4
{[%clk 01:31:46]} {[%emt 00:00:08]} exd4 {[%clk 01:30:50]} {[%emt 00:00:34]} 4.
Nxd4 {[%clk 01:32:12]} {[%emt 00:00:05]} Nf6 {[%clk 01:30:47]} {[%emt
00:00:32]} 5. Nc3 {[%clk 01:32:34]} {[%emt 00:00:09]} Bb4 {[%clk 01:29:00]}
{[%emt 00:02:17]} 6. Nxc6 {[%clk 01:32:45]} {[%emt 00:00:18]} bxc6 {[%clk
01:29:06]} {[%emt 00:00:24]} 7. Bd3 {[%clk 01:33:11]} {[%emt 00:00:05]} d5
{[%clk 01:28:29]} {[%emt 00:01:05]} 8. exd5 {[%clk 01:33:25]} {[%emt 00:00:16]}
cxd5 {[%clk 01:28:42]} {[%emt 00:00:17]} 9. O-O {[%clk 01:33:49]} {[%emt
00:00:07]} O-O {[%clk 01:28:49]} {[%emt 00:00:21]} 10. h3 {[%clk 01:34:13]}
{[%emt 00:00:07]} c6 {[%clk 01:27:46]} {[%emt 00:01:34]} 11. Qf3 {[%clk
01:33:36]} {[%emt 00:01:07]} Be6 {[%clk 01:23:40]} {[%emt 00:04:36]} 12. Bf4
{[%clk 01:33:23]} {[%emt 00:00:42]} Bd6 {[%clk 01:21:34]} {[%emt 00:02:37]} 13.
Ne2 {[%clk 01:29:45]} {[%emt 00:04:08]} Re8 {[%clk 00:50:04]} {[%emt 00:32:00]}
14. Ng3 {[%clk 01:14:32]} {[%emt 00:15:44]} Bxf4 {[%clk 00:39:42]} {[%emt
00:10:51]} 15. Qxf4 {[%clk 01:14:13]} {[%emt 00:00:49]} Qb8 {[%clk 00:37:53]}
{[%emt 00:02:20]} 16. Qxb8 {[%clk 01:13:32]} {[%emt 00:01:11]} Raxb8 {[%clk
00:38:06]} {[%emt 00:00:16]} 17. b3 {[%clk 01:13:52]} {[%emt 00:00:10]} Nd7
{[%clk 00:34:26]} {[%emt 00:04:10]} 18. Rfe1 {[%clk 01:10:34]} {[%emt
00:03:48]} a5 {[%clk 00:31:37]} {[%emt 00:03:19]} 19. Kf1 {[%clk 01:00:28]}
{[%emt 00:10:36]} Nc5 {[%clk 00:18:22]} {[%emt 00:13:45]} 20. Bf5 {[%clk
00:56:48]} {[%emt 00:04:10]} g6 {[%clk 00:16:34]} {[%emt 00:02:17]} 21. Bxe6
{[%clk 00:49:24]} {[%emt 00:07:56]} fxe6 {[%clk 00:16:07]} {[%emt 00:00:55]}
22. Re3 {[%clk 00:45:48]} {[%emt 00:04:06]} Nd7 {[%clk 00:13:35]} {[%emt
00:03:03]} 23. Rd1 {[%clk 00:38:56]} {[%emt 00:07:21]} Rb7 {[%clk 00:07:20]}
{[%emt 00:06:46]} 24. Rd4 {[%clk 00:34:53]} {[%emt 00:04:32]} Kf7 {[%clk
00:06:06]} {[%emt 00:01:45]} 25. Ra4 {[%clk 00:35:02]} {[%emt 00:00:21]} Ra7
{[%clk 00:05:44]} {[%emt 00:00:52]} 26. b4 {[%clk 00:35:01]} {[%emt 00:00:32]}
Nb6 {[%clk 00:04:42]} {[%emt 00:01:31]} 27. Rxa5 {[%clk 00:35:11]} {[%emt
00:00:20]} Rxa5 {[%clk 00:04:33]} {[%emt 00:00:39]} 28. bxa5 {[%clk 00:35:37]}
{[%emt 00:00:04]} Nc4 {[%clk 00:04:54]} {[%emt 00:00:09]} 29. Rc3 {[%clk
00:35:29]} {[%emt 00:00:38]} Ra8 {[%clk 00:04:41]} {[%emt 00:00:43]} 30. Ne2
{[%clk 00:35:12]} {[%emt 00:00:47]} Rxa5 {[%clk 00:03:44]} {[%emt 00:01:27]}
31. Nd4 {[%clk 00:35:31]} {[%emt 00:00:10]} Ra6 {[%clk 00:03:23]} {[%emt
00:00:52]} 32. f4 {[%clk 00:30:43]} {[%emt 00:05:18]} Rxa2 {[%clk 00:02:10]}
{[%emt 00:01:43]} 33. Ke2 {[%clk 00:29:08]} {[%emt 00:02:04]} Ra6 {[%clk
00:01:14]} {[%emt 00:01:26]} 34. Rb3 {[%clk 00:29:09]} {[%emt 00:00:29]} Nd6
{[%clk 00:01:34]} {[%emt 00:00:11]} 35. Rc3 {[%clk 00:29:27]} {[%emt 00:00:12]}
Nf5 {[%clk 00:01:26]} {[%emt 00:00:38]} 36. Nxc6 {[%clk 00:29:42]} {[%emt
00:00:15]} Rxc6 {[%clk 00:01:50]} {[%emt 00:00:06]} 0-1

[Event "ODJM A 2024"]
[Site "Willingen GER"]
[Date "2024.05.22"]
[Round "5"]
[White "Ratushnyi, Viktor"]
[Black "Brandl, Lea Maria"]
[Result "1/2-1/2"]
[Termination "normal"]
[Board "19"]
[WhiteElo "1880"]
[BlackElo "1920"]
[WhiteClock "00:14:20"]
[BlackClock "00:24:08"]
[PlyCount "100"]
[WhiteFideId "34167293"]
[BlackFideId "24693049"]
[EventCountry "GER"]
[EventRounds "9"]
[EventType "swiss"]
[EventDate "2024.05.18"]

1. e4 {[%clk 01:30:57]} {[%emt 00:00:02]} c5 {[%clk 01:30:55]} {[%emt
00:00:05]} 2. Nf3 {[%clk 01:31:19]} {[%emt 00:00:08]} d6 {[%clk 01:31:20]}
{[%emt 00:00:05]} 3. c3 {[%clk 01:31:27]} {[%emt 00:00:22]} Nf6 {[%clk
01:31:13]} {[%emt 00:00:36]} 4. h3 {[%clk 01:31:47]} {[%emt 00:00:10]} Nc6
{[%clk 01:30:58]} {[%emt 00:00:47]} 5. Bd3 {[%clk 01:31:53]} {[%emt 00:00:23]}
e6 {[%clk 01:30:06]} {[%emt 00:01:22]} 6. Bc2 {[%clk 01:30:56]} {[%emt
00:01:26]} Be7 {[%clk 01:25:24]} {[%emt 00:05:13]} 7. O-O {[%clk 01:30:36]}
{[%emt 00:00:50]} O-O {[%clk 01:24:50]} {[%emt 00:01:04]} 8. Re1 {[%clk
01:26:57]} {[%emt 00:04:09]} Qc7 {[%clk 01:17:23]} {[%emt 00:07:58]} 9. d4
{[%clk 01:23:31]} {[%emt 00:03:56]} cxd4 {[%clk 01:14:59]} {[%emt 00:02:54]}
10. cxd4 {[%clk 01:21:58]} {[%emt 00:02:03]} e5 {[%clk 01:13:33]} {[%emt
00:01:55]} 11. Nc3 {[%clk 01:16:03]} a6 {[%clk 01:08:06]} {[%emt 00:12:22]} 12.
a3 {[%clk 01:03:17]} b5 {[%clk 01:03:52]} {[%emt 00:18:00]} 13. Nd5 {[%clk
00:36:47]} {[%emt 00:27:00]} Nxd5 {[%clk 00:58:08]} {[%emt 00:06:13]} 14. exd5
{[%clk 00:35:27]} {[%emt 00:01:51]} Nxd4 {[%clk 00:57:59]} {[%emt 00:00:39]}
15. Nxd4 {[%clk 00:35:39]} {[%emt 00:00:18]} exd4 {[%clk 00:58:25]} {[%emt
00:00:04]} 16. Qd3 {[%clk 00:35:29]} {[%emt 00:00:41]} f5 {[%clk 00:53:20]}
{[%emt 00:05:35]} 17. Qxd4 {[%clk 00:21:15]} {[%emt 00:14:43]} Bf6 {[%clk
00:52:37]} {[%emt 00:01:13]} 18. Qd3 {[%clk 00:18:49]} {[%emt 00:02:56]} Bd7
{[%clk 00:50:49]} {[%emt 00:02:18]} 19. Rb1 {[%clk 00:17:46]} {[%emt 00:01:33]}
Rac8 {[%clk 00:46:19]} {[%emt 00:04:59]} 20. Bb3 {[%clk 00:17:21]} {[%emt
00:00:55]} Bh4 {[%clk 00:38:15]} {[%emt 00:08:34]} 21. Bf4 {[%clk 00:13:15]}
{[%emt 00:04:37]} Qb6 {[%clk 00:33:31]} {[%emt 00:05:14]} 22. Qe3 {[%clk
00:10:11]} {[%emt 00:03:34]} Qb8 {[%clk 00:26:30]} {[%emt 00:07:32]} 23. Qd2
{[%clk 00:06:38]} {[%emt 00:04:02]} Bd8 {[%clk 00:10:49]} {[%emt 00:16:10]} 24.
Rbc1 {[%clk 00:04:38]} {[%emt 00:02:31]} Rxc1 {[%clk 00:10:02]} {[%emt
00:01:17]} 25. Rxc1 {[%clk 00:04:35]} {[%emt 00:00:32]} h6 {[%clk 00:07:54]}
{[%emt 00:02:39]} 26. Re1 {[%clk 00:01:07]} {[%emt 00:03:57]} Qb6 {[%clk
00:06:07]} {[%emt 00:02:17]} 27. Be3 {[%clk 00:00:32]} {[%emt 00:01:05]} Qa5
{[%clk 00:04:36]} {[%emt 00:02:02]} 28. g3 {[%clk 00:00:32]} {[%emt 00:00:30]}
Qxd2 {[%clk 00:04:04]} {[%emt 00:01:02]} 29. Bxd2 {[%clk 00:00:58]} {[%emt
00:00:05]} Re8 {[%clk 00:03:05]} {[%emt 00:01:28]} 30. Rxe8+ {[%clk 00:01:13]}
{[%emt 00:00:15]} Bxe8 {[%clk 00:03:31]} {[%emt 00:00:04]} 31. f4 {[%clk
00:01:08]} {[%emt 00:00:35]} Bb6+ {[%clk 00:03:34]} {[%emt 00:00:28]} 32. Kg2
{[%clk 00:00:45]} {[%emt 00:00:53]} Bd7 {[%clk 00:03:32]} {[%emt 00:00:32]} 33.
Kf3 {[%clk 00:00:51]} {[%emt 00:00:24]} h5 {[%clk 00:03:08]} {[%emt 00:00:54]}
34. h4 {[%clk 00:00:51]} {[%emt 00:00:29]} Kf7 {[%clk 00:03:21]} {[%emt
00:00:17]} 35. Be3 {[%clk 00:00:55]} {[%emt 00:00:27]} Bc7 {[%clk 00:02:54]}
{[%emt 00:00:57]} 36. Bd4 {[%clk 00:00:52]} {[%emt 00:00:32]} g6 {[%clk
00:03:04]} {[%emt 00:00:21]} 37. Ke2 {[%clk 00:00:48]} {[%emt 00:00:34]} Ke7
{[%clk 00:02:55]} {[%emt 00:00:39]} 38. Ba2 {[%clk 00:00:41]} {[%emt 00:00:36]}
Be8 {[%clk 00:02:26]} {[%emt 00:01:00]} 39. Kd3 {[%clk 00:00:39]} {[%emt
00:00:32]} Ba5 {[%clk 00:01:13]} {[%emt 00:01:43]} 40. Bc3 {[%clk 00:01:07]}
{[%emt 00:00:01]} Bb6 {[%clk 00:01:10]} {[%emt 00:00:34]} 41. Bd4 {[%clk
00:28:47]} {[%emt 00:02:50]} Ba5 {[%clk 00:28:54]} {[%emt 00:02:46]} 42. b4
{[%clk 00:18:56]} {[%emt 00:10:21]} Bc7 {[%clk 00:28:33]} {[%emt 00:00:51]} 43.
Bb3 {[%clk 00:17:30]} {[%emt 00:01:56]} Bd7 {[%clk 00:28:07]} {[%emt 00:00:56]}
44. Bd1 {[%clk 00:17:03]} {[%emt 00:00:56]} Kf7 {[%clk 00:27:19]} {[%emt
00:01:19]} 45. Bf3 {[%clk 00:17:18]} {[%emt 00:00:15]} Ke7 {[%clk 00:27:15]}
{[%emt 00:00:34]} 46. Be2 {[%clk 00:16:43]} {[%emt 00:01:05]} Kf7 {[%clk
00:27:23]} {[%emt 00:00:22]} 47. Kc3 {[%clk 00:16:27]} {[%emt 00:00:45]} Ke7
{[%clk 00:26:05]} {[%emt 00:01:49]} 48. a4 {[%clk 00:15:55]} {[%emt 00:01:02]}
Kf7 {[%clk 00:25:32]} {[%emt 00:01:03]} 49. a5 {[%clk 00:15:53]} {[%emt
00:00:32]} Ke7 {[%clk 00:25:04]} {[%emt 00:00:58]} 50. Ba7 {[%clk 00:14:20]}
{[%emt 00:02:03]} Kf7 {[%clk 00:24:08]} {[%emt 00:01:27]} 1/2-1/2

[Event "ODJM A 2024"]
[Site "Willingen GER"]
[Date "2024.05.22"]
[Round "5"]
[White "Mörke, Niklas"]
[Black "Harutyunyan, Hovhannes"]
[Result "0-1"]
[Termination "normal"]
[Board "20"]
[WhiteElo "1879"]
[BlackElo "1914"]
[WhiteClock "00:11:24"]
[BlackClock "00:28:40"]
[PlyCount "108"]
[WhiteFideId "12982350"]
[BlackFideId "16281942"]
[EventCountry "GER"]
[EventRounds "9"]
[EventType "swiss"]
[EventDate "2024.05.18"]

1. d4 {[%clk 01:30:57]} {[%emt 00:00:02]} e6 {[%clk 01:30:10]} {[%emt
00:00:50]} 2. c4 {[%clk 01:28:18]} {[%emt 00:03:09]} d5 {[%clk 01:30:37]}
{[%emt 00:00:03]} 3. Nf3 {[%clk 01:27:34]} {[%emt 00:01:15]} Nf6 {[%clk
01:31:02]} {[%emt 00:00:05]} 4. Nc3 {[%clk 01:25:18]} {[%emt 00:02:46]} Nbd7
{[%clk 01:30:04]} {[%emt 00:01:27]} 5. cxd5 {[%clk 01:24:15]} {[%emt 00:01:33]}
exd5 {[%clk 01:30:29]} {[%emt 00:00:06]} 6. Bf4 {[%clk 01:24:18]} {[%emt
00:00:27]} c6 {[%clk 01:30:43]} {[%emt 00:00:16]} 7. e3 {[%clk 01:23:57]}
{[%emt 00:00:50]} Nh5 {[%clk 01:29:35]} {[%emt 00:01:38]} 8. Bg3 {[%clk
01:22:58]} {[%emt 00:01:30]} Nxg3 {[%clk 01:29:44]} {[%emt 00:00:21]} 9. hxg3
{[%clk 01:23:20]} {[%emt 00:00:07]} Nf6 {[%clk 01:29:58]} {[%emt 00:00:16]} 10.
Bd3 {[%clk 01:22:55]} {[%emt 00:00:55]} h6 {[%clk 01:30:18]} {[%emt 00:00:10]}
11. Qc2 {[%clk 01:20:07]} {[%emt 00:03:18]} Qb6 {[%clk 01:26:38]} {[%emt
00:04:10]} 12. O-O {[%clk 01:16:54]} {[%emt 00:03:43]} Be7 {[%clk 01:24:12]}
{[%emt 00:02:56]} 13. Rfe1 {[%clk 01:16:06]} {[%emt 00:01:18]} O-O {[%clk
01:24:32]} {[%emt 00:00:10]} 14. a3 {[%clk 01:12:59]} {[%emt 00:03:37]} a5
{[%clk 01:24:06]} {[%emt 00:00:56]} 15. Na4 {[%clk 01:09:52]} {[%emt 00:03:37]}
Qc7 {[%clk 01:21:26]} {[%emt 00:03:10]} 16. Rab1 {[%clk 01:09:24]} {[%emt
00:00:59]} Bd6 {[%clk 01:19:12]} {[%emt 00:02:43]} 17. Nc3 {[%clk 01:06:17]}
{[%emt 00:03:37]} Bg4 {[%clk 01:16:56]} {[%emt 00:02:47]} 18. e4 {[%clk
01:02:51]} {[%emt 00:03:56]} dxe4 {[%clk 01:17:20]} {[%emt 00:00:05]} 19. Nxe4
{[%clk 01:03:03]} {[%emt 00:00:17]} Nxe4 {[%clk 01:17:46]} {[%emt 00:00:05]}
20. Bxe4 {[%clk 01:02:50]} {[%emt 00:00:42]} f5 {[%clk 01:02:32]} {[%emt
00:15:46]} 21. Bd3 {[%clk 01:00:24]} {[%emt 00:02:56]} Rf6 {[%clk 00:57:58]}
{[%emt 00:05:03]} 22. Ne5 {[%clk 00:57:30]} {[%emt 00:03:24]} Raf8 {[%clk
00:58:09]} {[%emt 00:00:20]} 23. b4 {[%clk 00:51:18]} {[%emt 00:06:42]} axb4
{[%clk 00:57:54]} {[%emt 00:00:45]} 24. axb4 {[%clk 00:51:32]} {[%emt
00:00:16]} Bh5 {[%clk 00:53:08]} {[%emt 00:05:15]} 25. f4 {[%clk 00:47:54]}
{[%emt 00:04:07]} Be8 {[%clk 00:52:26]} {[%emt 00:01:13]} 26. Kh2 {[%clk
00:44:11]} {[%emt 00:04:13]} g5 {[%clk 00:51:20]} {[%emt 00:01:36]} 27. Rbc1
{[%clk 00:39:00]} {[%emt 00:05:41]} Qg7 {[%clk 00:49:54]} {[%emt 00:01:56]} 28.
Bc4+ {[%clk 00:36:48]} {[%emt 00:02:42]} Kh8 {[%clk 00:49:49]} {[%emt
00:00:35]} 29. Nd3 {[%clk 00:36:52]} {[%emt 00:00:26]} h5 {[%clk 00:46:05]}
{[%emt 00:04:15]} 30. Re6 {[%clk 00:33:41]} {[%emt 00:03:40]} gxf4 {[%clk
00:42:53]} {[%emt 00:03:42]} 31. gxf4 {[%clk 00:31:55]} {[%emt 00:02:16]} Rxe6
{[%clk 00:37:59]} {[%emt 00:05:24]} 32. Bxe6 {[%clk 00:32:09]} {[%emt
00:00:15]} Qe7 {[%clk 00:37:19]} {[%emt 00:01:10]} 33. Bc4 {[%clk 00:30:01]}
{[%emt 00:02:38]} Qh4+ {[%clk 00:36:45]} {[%emt 00:01:04]} 34. Kg1 {[%clk
00:30:17]} {[%emt 00:00:13]} Bxf4 {[%clk 00:36:42]} {[%emt 00:00:35]} 35. Nxf4
{[%clk 00:29:54]} {[%emt 00:00:53]} Qxf4 {[%clk 00:37:07]} {[%emt 00:00:04]}
36. Qc3 {[%clk 00:28:13]} {[%emt 00:02:11]} Kh7 {[%clk 00:36:18]} {[%emt
00:01:19]} 37. Re1 {[%clk 00:26:37]} {[%emt 00:02:06]} Qh4 {[%clk 00:33:39]}
{[%emt 00:03:10]} 38. Qe3 {[%clk 00:24:42]} {[%emt 00:02:25]} Bf7 {[%clk
00:30:52]} {[%emt 00:03:18]} 39. Bd3 {[%clk 00:22:19]} {[%emt 00:02:51]} Bd5
{[%clk 00:26:20]} {[%emt 00:05:02]} 40. Qe7+ {[%clk 00:20:50]} {[%emt
00:01:59]} Qxe7 {[%clk 00:26:46]} {[%emt 00:00:05]} 41. Rxe7+ {[%clk 00:21:11]}
{[%emt 00:00:09]} Kh6 {[%clk 00:27:15]} {[%emt 00:00:02]} 42. Rxb7 {[%clk
00:20:11]} {[%emt 00:01:30]} Rg8 {[%clk 00:27:35]} {[%emt 00:00:10]} 43. Bxf5
{[%clk 00:17:16]} {[%emt 00:03:24]} Rxg2+ {[%clk 00:28:00]} {[%emt 00:00:05]}
44. Kf1 {[%clk 00:17:31]} {[%emt 00:00:13]} Rd2 {[%clk 00:28:27]} {[%emt
00:00:05]} 45. Bd7 {[%clk 00:15:55]} {[%emt 00:02:05]} Rxd4 {[%clk 00:28:36]}
{[%emt 00:00:22]} 46. Bxc6 {[%clk 00:15:01]} {[%emt 00:01:24]} Bxc6 {[%clk
00:28:39]} {[%emt 00:00:28]} 47. Rb6 {[%clk 00:15:24]} {[%emt 00:00:06]} Rd6
{[%clk 00:29:04]} {[%emt 00:00:04]} 48. Kg1 {[%clk 00:14:26]} {[%emt 00:01:28]}
Rg6+ {[%clk 00:29:26]} {[%emt 00:00:09]} 49. Kh2 {[%clk 00:12:49]} {[%emt
00:02:06]} Kg5 {[%clk 00:28:43]} {[%emt 00:01:13]} 50. Rb8 {[%clk 00:12:09]}
{[%emt 00:01:10]} Kh4 {[%clk 00:28:10]} {[%emt 00:01:04]} 51. Rb6 {[%clk
00:11:16]} {[%emt 00:01:24]} Be4 {[%clk 00:27:22]} {[%emt 00:01:17]} 52. Rxg6
{[%clk 00:10:44]} {[%emt 00:01:02]} Bxg6 {[%clk 00:27:47]} {[%emt 00:00:05]}
53. b5 {[%clk 00:11:04]} {[%emt 00:00:10]} Be4 {[%clk 00:28:13]} {[%emt
00:00:04]} 54. b6 {[%clk 00:11:24]} {[%emt 00:00:10]} Bb7 {[%clk 00:28:40]}
{[%emt 00:00:03]} 0-1